000 00863nam a2200253 i 4500
001 171230
003 ES-MaACL
005 20250821063105.0
008 090506s1962 sp |||| | spa d
017 _aM 16423-1962
100 0 _aJerónimo,
_cSanto
_966343
245 1 0 _aCartas de San Jerónimo.
_nI-II (último) /
_cintroducción, versión y notas por Daniel Ruiz Bueno.
250 _aEd. bilingüe.
260 _aMadrid :
_bLa Editorial Católica,
_c1962.
300 _a2 v. ;
_c20 cm.
490 1 _aBiblioteca de autores cristianos ;
_v219, 220
500 _aÍndice.
546 _aTexto en latín y traducción en español.
700 0 _aRuiz Bueno, Daniel.
_9100677
830 0 0 _aBiblioteca de autores cristianos
_v219, 220
_9178679
852 _aES-MaACL
_jJ-214-15
_9R.46092
999 _c171230
_d171230